000 00322nam a2200133Ia 4500
005 20251222143153.0
008 251222s9999||||xx |||||||||||||| ||spa||
020 _a84-8063-699-8
082 _a370.114/S29
100 _aSchujman, Gustavo
245 0 _aFormación Ética y Ciudadana:
264 _bOctoedro
942 _cLIB
999 _c12770
_d12770